00547nam a22001817a 450000500170000001000150001702000260003203500140005803700090007208200150008110000180009624500690011425000060018326000410018927000880023030000190031870000280033720250827145358.0 aENG-146547 a9789367135259c749.00 aEN-130079 bDBAD a331.70221 aSinha, Nishit aPlacement training Companion/cNishit Sinha [and] Dinesh Khattar a1 aNoidabPearson India Educationc2025 a15th Floor, Towe-B, World Trade Tower, Plot No.1, Block-C, Sector-16bNoidae201301 avpp.c25cm(pb) aKhattar, DinesheAuthor